Peking sa usiluje o rozkol v hnutí nezúčastnených Sovietska Pravda o intrigách maoistov pred konferenciou v Havane

Bibliographic Details
Main Author: Petrov, Alexej (Author)
Format: Article
Language:Slovak
Subjects:

MARC

LEADER 00000nab a2200000 a 4500
001 vtls000033798
003 SK-MaSNL
005 20260304040704.0
008 111103c1979 xo 0 slo
015 |a SNBRB19rr/mm-uuuuu 
035 |a CL0043892 
040 |a SNKBUCL  |b slo  |c SNKBUCL  |e AACR2 
041 0 |a slo 
044 |a xo  |c SK 
080 |a 327(100)  |2 1981 
080 |a 327(100-11)  |2 1981 
100 1 |a Petrov, Alexej  |4 aut  |9 1321892 
245 1 0 |a Peking sa usiluje o rozkol v hnutí nezúčastnených  |b Sovietska Pravda o intrigách maoistov pred konferenciou v Havane  |c Alexej Petrov 
650 0 7 |a štáty nezúčastnené  |2 snkbucl  |9 1001249 
651 7 |a Čína  |2 snkbucl  |9 21369 
655 7 |a články z novín a časopisov  |2 snkbucl  |9 267496 
773 0 |t Pravda  |g Roč. 60, č. 191 (15. 8. 1979), s. 6 
850 |a Slovenská národná knižnica v Martine  |a MTA001 
852 |a SNK  |b KIS3GCP 
958 |a RK 
992 |a RBX 
999 |c 2664481  |d 2666411